| 000 | 01233cam a2200325 a 4500 | ||
|---|---|---|---|
| 001 | 207886 | ||
| 003 | OSt | ||
| 005 | 20150514140158.0 | ||
| 008 | 000511s1999 enkb b 000 0 eng d | ||
| 010 | _a 99072846 | ||
| 015 | _aGB99-Y7380 | ||
| 020 | _a184014999X | ||
| 035 | _a(OCoLC)ocm40926478 | ||
| 040 |
_aUKM _cUKM _dMIA _dDLC |
||
| 042 | _alccopycat | ||
| 050 | 0 | 0 |
_aHV640.4.A35 _bB53 1999 |
| 082 | 0 | 0 |
_a362.096914 _221 _bBLA 1999 |
| 100 | 1 |
_aBlavo, E. Q. _94626 |
|
| 245 | 1 | 4 |
_aThe problems of refugees in Africa : _bboundaries and borders / _cEbenezer Q. Blavo. |
| 260 |
_aAldershot, Hants, England ; _aBrookfield, Vt., USA : _bAshgate, _c1999. |
||
| 300 |
_aix, 177 p. : _b1 map. ; _c23 cm. |
||
| 440 | 0 |
_aUniversity of North London voices in development management _94627 |
|
| 504 | _aIncludes bibliographical references. | ||
| 650 | 0 |
_aRefugees _zAfrica. _94628 |
|
| 650 | 0 |
_aRefugees _xGovernment policy _zAfrica. _94629 |
|
| 710 | 2 |
_aUniversity of North London. _94630 |
|
| 906 |
_a7 _bcbc _ccopycat _d2 _encip _f19 _gy-gencatlg |
||
| 942 |
_2ddc _cSLOAN |
||
| 999 |
_c1755 _d1755 |
||